| 000 | 01502 a2200217 4500 | ||
|---|---|---|---|
| 001 | 1890 | ||
| 005 | 20260407155419.0 | ||
| 008 | 260407a2008 arg spa d | ||
| 003 | AR-UNSa-BCEJYS | ||
| 040 |
_aAR-UNSa-BCEJYS _bspa _cAR-UNSa-BCEJYS |
||
| 080 |
_a658:631.1 _xAdministración de empresas agropecuarias(maquinarias, etc.) |
||
| 245 | 1 | 0 |
_aEmpresas agropecuarias _pmedición y exposición contable |
| 020 | _a978-987-01-0849-8 | ||
| 264 | 1 |
_aBuenos Aires : _bErrepar _c2008 |
|
| 300 |
_axviii, 267 p. _c21 cm. |
||
| 505 | _a1. Fundamentos generales de medición contable y reconocimiento de resultados - 2. La actividad agropecuaria y el concepto de venta presunta - 3. Bienes con mercado activo en su condición actual - 4. Bienes en proceso con mercado activo en su condición de terminados - 5. Situaciones especiales - 6. Destino factor de producción y existencia de mercado activo - 7. Destino factor de producción e inexistencia de mercado activo - 8. Estado de situación patrimonial - 9. Estado de resultados - 10. Modelos de notas a los estados contables de la práctica profesional - 11. Cultivo de cereales - 12. Hacienda vacuna de cría e invernada - 13. Actividad frutícola - 14. Hacienda ovina y producción lanar | ||
| 942 | _cBK | ||
| 590 | _aniveau_biblio:m niveau_hierar:0 | ||
| 100 | 1 | _aSenderovich, Pablo David | |
| 856 | 4 | 1 |
_uhttps://biblioeco.unsa.edu.ar/pmb/images/libros/Empresas agropecuarias medicion y exposicion contable-l118156.jpg _yImagen de portada _qimage/jpeg |
| 999 |
_c190 _d190 |
||